|
|
|
|
| LEADER |
00955nam a22002297a 4500 |
| 001 |
AAL9678 |
| 003 |
BD-DhAAL |
| 005 |
20180714134453.0 |
| 008 |
180714m20101916B ||||| |||| 00| 0 B d |
| 999 |
|
|
|c 39735
|d 39735
|
| 020 |
|
|
|a 9789848815519
|
| 040 |
|
|
|a BD-DhAAL
|c BD-DhAAL
|
| 082 |
|
|
|a 891.4437
|
| 100 |
|
|
|a চট্টোপাধ্যায়, শরৎচন্দ্র
|9 27145
|
| 245 |
|
|
|a পল্লী-সমাজ /
|c শরৎচন্দ্র চট্টোপাধ্যায়
|
| 260 |
|
|
|a ঢাকা :
|b ইউ পি এল,
|c ২০১০
|
| 300 |
|
|
|a ৯১ পৃ. ;
|c ২২ সে.মি.
|
| 541 |
|
|
|e ৯৬৭৮
|
| 650 |
|
|
|a Short stories,Bengali
|9 27146
|
| 852 |
|
|
|a Savar Campus Library
|c General Shelf
|
| 942 |
|
|
|2 ddc
|c BK
|
| 952 |
|
|
|0 0
|1 0
|2 ddc
|4 0
|6 891_443700000000000_CHA
|7 0
|9 63763
|a SCL
|b SCL
|c GEN
|d 2018-07-14
|e Development Book Agency
|g 117.00
|l 5
|m 7
|o 891.4437 CHA
|p 3020009678
|r 2026-04-23
|s 2025-02-24
|t 1
|w 2018-07-14
|y BK
|